000 00517nam a2200169 4500
001 143709
003 ES-MaACL
005 20230906200852.0
007 t|
008 070214s1963 sp r ||||1| spa d
100 1 _aSerra Domínguez, Manuel.
_9105631
245 1 0 _aNormas de presunción en el Código civil y Ley de arrendamientos urbanos /
_cManuel Serra Domínguez.
260 _aBarcelona :
_bNauta,
_c1963.
300 _a248 p. ;
_c25 cm.
650 0 0 _aPruebas (Derecho)
_916527
852 _aES-MaACL
_jC-23584
999 _c143709
_d143709